000 00797nam a22002057a 4500
999 _c2300
_d2300
003 AR-CdUCM
008 190304b ||||| |||| 00| 0 spa d
040 _aMUNICIPALIDAD PROVINCIAL DEL CUSCO
_cBIBLIOTECA MUNICIPAL DEL CUSCO
082 _a343 /
_bL39
110 _aColección legislación
_98299
245 _aLey orgánica del departamento del distrito federal y su reglamento interior /
260 _aMexico :
_bColección Legislación,
_c1984.
300 _a199 páginas ;
_c20 cm.
440 _aColección legislación
_n1
_98300
505 _aLey orgánica del departamento federal -- Reglamento interior del departamento del distrito federal...
650 _aLey orgánica mexicana.
_98301
650 _aReglamento interior DF.
_98302
942 _2ddc
_cLIBROS
945 _awfj
_d2019-03-04